[Event "GBR-ch75"]
[Site "Blackpool"]
[Date "1988.08.01"]
[Round "1.3"]
[White "Mack, Andrew L"]
[Black "Rogers, Ian"]
[Result "0-1"]
[WhiteElo "2335"]
[BlackElo "2535"]
[PlyCount "42"]
[EventDate "1988.08.01"]
[EventType "swiss"]
[EventRounds "11"]
[EventCountry "GBR"]
[SourceTitle "BritBase12Sep20"]
[Source "John Saunders"]
[SourceDate "2020.09.12"]
[SourceVersion "1"]
[SourceVersionDate "2020.09.12"]
[SourceQuality "1"]

1. e4 c5 2. Nf3 d6 3. d4 cxd4 4. Nxd4 Nf6 5. Nc3 Nc6 6. Bg5 e6 7. Qd2 Be7 8.
O-O-O O-O 9. f4 h6 10. Bh4 e5 11. Ndb5 exf4 12. Nxd6 Bg4 13. Be2 Bxe2 14. Qxe2
Bxd6 15. Nb5 g5 16. Nxd6 gxh4 17. g3 Qa5 18. gxf4 Qxa2 19. Nf5 Kh7 20. c3 Qa1+
21. Kc2 Qa4+ 0-1

[Event "GBR-ch75"]
[Site "Blackpool"]
[Date "1988.08.01"]
[Round "1.4"]
[White "Hodgson, Julian M"]
[Black "Morrison, Graham"]
[Result "1/2-1/2"]
[WhiteElo "2525"]
[BlackElo "2325"]
[PlyCount "60"]
[EventDate "1988.08.01"]
[EventType "swiss"]
[EventRounds "11"]
[EventCountry "GBR"]
[SourceTitle "BritBase12Sep20"]
[Source "John Saunders"]
[SourceDate "2020.09.12"]
[SourceVersion "1"]
[SourceVersionDate "2020.09.12"]
[SourceQuality "1"]

1. d4 Nf6 2. Nf3 b6 3. Bg5 Bb7 4. Bxf6 exf6 5. Qd3 d5 6. g3 Bd6 7. Bg2 O-O 8.
O-O g6 9. c4 dxc4 10. Qxc4 Nd7 11. Nc3 a6 12. e4 b5 13. Qb3 c5 14. Rad1 cxd4
15. Rxd4 Bc5 16. Rd2 Qe7 17. a4 b4 18. Nd5 Bxd5 19. Rxd5 Ne5 20. Bh3 Rad8 21.
Rfd1 Rxd5 22. exd5 Rd8 23. Rc1 Qd6 24. Rd1 Nxf3+ 25. Qxf3 Re8 26. a5 Kg7 27.
Qd3 Re5 28. Rd2 Re1+ 29. Bf1 Ra1 30. h4 h5 1/2-1/2

[Event "GBR-ch75"]
[Site "Blackpool"]
[Date "1988.08.01"]
[Round "1.5"]
[White "Ward, Christopher"]
[Black "King, Daniel J"]
[Result "0-1"]
[WhiteElo "2325"]
[BlackElo "2520"]
[PlyCount "78"]
[EventDate "1988.08.01"]
[EventType "swiss"]
[EventRounds "11"]
[EventCountry "GBR"]
[SourceTitle "BritBase12Sep20"]
[Source "John Saunders"]
[SourceDate "2020.09.12"]
[SourceVersion "1"]
[SourceVersionDate "2020.09.12"]
[SourceQuality "1"]

1. d4 d6 2. c4 e5 3. Nf3 e4 4. Ng1 f5 5. Nc3 g6 6. h4 Bg7 7. Bg5 Qd7 8. e3 Nc6
9. g4 fxg4 10. Nxe4 Qf7 11. Qd2 Nge7 12. Bd3 h6 13. Bxe7 Nxe7 14. Ne2 O-O 15.
O-O-O Bf5 16. N2c3 a6 17. a4 Rad8 18. Qe2 b6 19. Bc2 Be6 20. d5 Bd7 21. Rdf1
Rde8 22. Qd2 Kh8 23. h5 g5 24. Ng3 Be5 25. Bd3 Qg7 26. Nce2 Bxa4 27. Bb1 Bd7
28. Nd4 Rf7 29. Ne6 Bxe6 30. dxe6 Rf6 31. Bd3 Rxe6 32. Be2 Rf6 33. Bxg4 Ref8
34. Ne2 b5 35. Qc2 bxc4 36. Bd7 Rb8 37. Nc3 Rb3 38. f4 Bxc3 39. fxg5 Bxb2+ 0-1

[Event "GBR-ch75"]
[Site "Blackpool"]
[Date "1988.08.01"]
[Round "1.6"]
[White "Mestel, A Jonathan"]
[Black "Knox, Victor W"]
[Result "1-0"]
[WhiteElo "2510"]
[BlackElo "2315"]
[PlyCount "91"]
[EventDate "1988.08.01"]
[EventType "swiss"]
[EventRounds "11"]
[EventCountry "GBR"]
[SourceTitle "BritBase12Sep20"]
[Source "John Saunders"]
[SourceDate "2020.09.12"]
[SourceVersion "1"]
[SourceVersionDate "2020.09.12"]
[SourceQuality "1"]

1. c4 e5 2. Nc3 Nf6 3. Nf3 Nc6 4. g3 d6 5. d4 Be7 6. Bg2 O-O 7. O-O Bg4 8. d5
Nb8 9. h3 Bc8 10. e4 a5 11. Be3 Na6 12. a3 Ne8 13. Nd2 f5 14. exf5 Bxf5 15.
Nde4 b6 16. f4 exf4 17. Rxf4 Nc5 18. Qf3 Bxe4 19. Rxf8+ Bxf8 20. Nxe4 Nxe4 21.
Qxe4 Qe7 22. Qe6+ Qf7 23. h4 Nf6 24. Bh3 h5 25. Bd4 Re8 26. Rf1 Be7 27. Qe3 Kh8
28. Be6 Qg6 29. Bf5 Qf7 30. Qd3 Rb8 31. Bg6 Qf8 32. Qf5 Qc8 33. Qg5 Qg4 34.
Qxg4 hxg4 35. Re1 Bf8 36. a4 Kg8 37. Bf5 Kf7 38. Rf1 Re8 39. h5 Kg8 40. h6 Be7
41. hxg7 Bd8 42. Bg6 Re2 43. Rxf6 Bxf6 44. Bxf6 Re3 45. Bf5 Rxg3+ 46. Kh2 1-0

[Event "GBR-ch75"]
[Site "Blackpool"]
[Date "1988.08.01"]
[Round "1.7"]
[White "Bellin, Jana"]
[Black "Kosten, Anthony C"]
[Result "0-1"]
[WhiteElo "2300"]
[BlackElo "2510"]
[PlyCount "73"]
[EventDate "1988.08.01"]
[EventType "swiss"]
[EventRounds "11"]
[EventCountry "GBR"]
[SourceTitle "BritBase12Sep20"]
[Source "John Saunders"]
[SourceDate "2020.09.12"]
[SourceVersion "1"]
[SourceVersionDate "2020.09.12"]
[SourceQuality "1"]

1. d4 Nf6 2. Nf3 e6 3. e3 b6 4. Bd3 Bb7 5. Nbd2 c5 6. O-O Be7 7. b3 Nc6 8. Bb2
cxd4 9. exd4 O-O 10. a3 Rc8 11. Re1 Re8 12. Ne5 d6 13. Ng4 d5 14. Re3 Nxg4 15.
Qxg4 Bf6 16. Rae1 g6 17. Nf3 Rc7 18. h4 Nb8 19. c3 Ba6 20. Bb1 Bg7 21. h5 Nd7
22. hxg6 hxg6 23. Ne5 Nf8 24. Rh3 f5 25. Qd1 Bf6 26. Bc1 Ree7 27. Rg3 Rh7 28.
Nxg6 Nxg6 29. Rxg6+ Kf7 30. Rh6 Rxh6 31. Bxh6 Kg6 32. Bf4 Rh7 33. Qg4+ Kf7 34.
Bxf5 exf5 35. Qxf5 Kg7 36. Re6 Bc8 37. Rxf6 0-1

[Event "GBR-ch75"]
[Site "Blackpool"]
[Date "1988.08.01"]
[Round "1.8"]
[White "Watson, William N"]
[Black "Hennigan, Michael"]
[Result "1/2-1/2"]
[WhiteElo "2500"]
[BlackElo "2295"]
[PlyCount "37"]
[EventDate "1988.08.01"]
[EventType "swiss"]
[EventRounds "11"]
[EventCountry "GBR"]
[SourceTitle "BritBase12Sep20"]
[Source "John Saunders"]
[SourceDate "2020.09.12"]
[SourceVersion "1"]
[SourceVersionDate "2020.09.12"]
[SourceQuality "1"]

1. e4 g6 2. d4 Bg7 3. Nc3 d6 4. f4 Nf6 5. Nf3 c5 6. dxc5 Qa5 7. Bd3 Qxc5 8. Qe2
O-O 9. Be3 Qa5 10. O-O Bg4 11. h3 Bxf3 12. Qxf3 Nc6 13. a3 Nd7 14. Bd2 Qb6+ 15.
Kh1 Nc5 16. b4 Nxd3 17. cxd3 f5 18. exf5 gxf5 19. Nd5 1/2-1/2

[Event "GBR-ch75"]
[Site "Blackpool"]
[Date "1988.08.01"]
[Round "1.9"]
[White "Carr, Neil L"]
[Black "Conquest, Stuart"]
[Result "1-0"]
[WhiteElo "2290"]
[BlackElo "2490"]
[PlyCount "113"]
[EventDate "1988.08.01"]
[EventType "swiss"]
[EventRounds "11"]
[EventCountry "GBR"]
[SourceTitle "BritBase12Sep20"]
[Source "John Saunders"]
[SourceDate "2020.09.12"]
[SourceVersion "1"]
[SourceVersionDate "2020.09.12"]
[SourceQuality "1"]

1. e4 c5 2. d3 d5 3. Qe2 Nc6 4. c3 e5 5. g3 Nf6 6. Bg2 Be7 7. Nf3 O-O 8. O-O
Re8 9. Na3 Bf8 10. Bg5 Be6 11. Nd2 Be7 12. f4 dxe4 13. dxe4 h6 14. Bxf6 Bxf6
15. f5 Bc8 16. Ndc4 a6 17. Rad1 Qc7 18. Ne3 Ne7 19. Ng4 b5 20. Nxf6+ gxf6 21.
Nc2 Bb7 22. Ne3 c4 23. h4 Rad8 24. Kh2 Rxd1 25. Rxd1 Rd8 26. Rd2 Bc6 27. Qd1
Rxd2 28. Qxd2 Qd7 29. Nd5 Kg7 30. g4 Qd6 31. Kh3 Qd8 32. Kh2 Bxd5 33. exd5 Nc8
34. Qe3 Qe7 35. Kg3 Nd6 36. Kf2 Nb7 37. Qb6 Qc5+ 38. Qxc5 Nxc5 39. d6 Kf8 40.
Bc6 Nd3+ 41. Ke3 b4 42. Kd2 a5 43. b3 cxb3 44. axb3 Nc5 45. Kc2 e4 46. cxb4
axb4 47. g5 fxg5 48. hxg5 hxg5 49. f6 Ne6 50. Kd1 Kg8 51. Bxe4 Nc5 52. Bf5 g4
53. Ke1 g3 54. Kf1 Nb7 55. d7 Nd8 56. Kg2 Nc6 57. Kxg3 1-0

[Event "GBR-ch75"]
[Site "Blackpool"]
[Date "1988.08.01"]
[Round "1.10"]
[White "Flear, Glenn C"]
[Black "Mortazavi, Ali"]
[Result "1/2-1/2"]
[WhiteElo "2470"]
[BlackElo "2290"]
[PlyCount "47"]
[EventDate "1988.08.01"]
[EventType "swiss"]
[EventRounds "11"]
[EventCountry "GBR"]
[SourceTitle "BritBase12Sep20"]
[Source "John Saunders"]
[SourceDate "2020.09.12"]
[SourceVersion "1"]
[SourceVersionDate "2020.09.12"]
[SourceQuality "1"]

1. d4 Nf6 2. c4 c5 3. d5 d6 4. Nc3 g6 5. e4 Bg7 6. Be2 O-O 7. Nf3 e6 8. O-O Re8
9. Nd2 Na6 10. f3 Nc7 11. a4 b6 12. Kh1 a6 13. Re1 Rb8 14. Nf1 h6 15. Rb1 exd5
16. exd5 Bd7 17. b4 cxb4 18. Rxb4 b5 19. axb5 axb5 20. Bd2 Na6 21. Rb1 bxc4 22.
Rxb8 Qxb8 23. Bxc4 Nc5 24. Rxe8+ 1/2-1/2

[Event "GBR-ch75"]
[Site "Blackpool"]
[Date "1988.08.01"]
[Round "1.11"]
[White "Walker, David"]
[Black "Norwood, David"]
[Result "0-1"]
[WhiteElo "2285"]
[BlackElo "2470"]
[PlyCount "66"]
[EventDate "1988.08.01"]
[EventType "swiss"]
[EventRounds "11"]
[EventCountry "GBR"]
[SourceTitle "BritBase12Sep20"]
[Source "John Saunders"]
[SourceDate "2020.09.12"]
[SourceVersion "1"]
[SourceVersionDate "2020.09.12"]
[SourceQuality "1"]

1. c4 c5 2. Nf3 Nc6 3. g3 g6 4. Bg2 Bg7 5. Nc3 e5 6. d3 Nge7 7. h4 h6 8. Bd2 d6
9. a3 Be6 10. Rb1 a5 11. O-O O-O 12. Ne1 f5 13. Nc2 f4 14. e4 Rb8 15. b4 axb4
16. axb4 cxb4 17. Nb5 Qd7 18. Kh2 g5 19. hxg5 hxg5 20. Nxb4 Rf6 21. Rh1 Rbf8
22. Nd5 Bxd5 23. cxd5 Nd8 24. f3 g4 25. fxg4 Rh6+ 26. Kg1 Rxh1+ 27. Bxh1 Ng6
28. gxf4 Nxf4 29. Be3 Bh6 30. Kh2 Bg5 31. Bxf4 Bxf4+ 32. Kg2 Qh7 33. Qg1 Qh4
0-1

[Event "GBR-ch75"]
[Site "Blackpool"]
[Date "1988.08.01"]
[Round "1.13"]
[White "Upton, Timothy J"]
[Black "Hebden, Mark L"]
[Result "0-1"]
[WhiteElo "2265"]
[BlackElo "2460"]
[PlyCount "80"]
[EventDate "1988.08.01"]
[EventType "swiss"]
[EventRounds "11"]
[EventCountry "GBR"]
[SourceTitle "BritBase12Sep20"]
[Source "John Saunders"]
[SourceDate "2020.09.12"]
[SourceVersion "1"]
[SourceVersionDate "2020.09.12"]
[SourceQuality "1"]

1. e4 e5 2. Nf3 Nc6 3. c3 Nf6 4. d4 exd4 5. e5 Ne4 6. Qe2 f5 7. exf6 d5 8. Nbd2
Qxf6 9. Nxe4 dxe4 10. Qxe4+ Qe6 11. Bd3 dxc3 12. O-O Qxe4 13. Bxe4 Bd7 14. Bxc6
Bxc6 15. Re1+ Kd8 16. Bg5+ Kc8 17. bxc3 Ba3 18. Rad1 Bxf3 19. gxf3 Bd6 20. c4
b6 21. Re4 Kd7 22. Be3 Kc6 23. Bd4 Rhf8 24. Kg2 Rf5 25. Rde1 Raf8 26. R1e3 Rg5+
27. Kh1 Rh5 28. Be5 Bxe5 29. Rxe5 Rxe5 30. Rxe5 Rxf3 31. Kg2 Ra3 32. Re7 Rxa2
33. Rxg7 Rc2 34. Rxh7 Rxc4 35. Kg3 a5 36. Re7 a4 37. h4 a3 38. Re2 Ra4 39. Ra2
b5 40. h5 b4 0-1

[Event "GBR-ch75"]
[Site "Blackpool"]
[Date "1988.08.01"]
[Round "1.14"]
[White "Motwani, Paul"]
[Black "Jones, Andrew"]
[Result "1-0"]
[WhiteElo "2455"]
[BlackElo "2260"]
[PlyCount "79"]
[EventDate "1988.08.01"]
[EventType "swiss"]
[EventRounds "11"]
[EventCountry "GBR"]
[SourceTitle "BritBase12Sep20"]
[Source "John Saunders"]
[SourceDate "2020.09.12"]
[SourceVersion "1"]
[SourceVersionDate "2020.09.12"]
[SourceQuality "1"]

1. e4 d6 2. d4 Nf6 3. Nc3 g6 4. Nf3 Bg7 5. h3 O-O 6. Be3 c6 7. a4 a5 8. Be2 Na6
9. O-O Nb4 10. Qc1 Qc7 11. Rd1 Re8 12. Bc4 d5 13. Bf4 Qb6 14. exd5 cxd5 15. Bb5
Bd7 16. Bxd7 Nxd7 17. Nb5 Rac8 18. c3 Nc6 19. Re1 Nf6 20. Qd1 Ne4 21. Re2 Na7
22. Qd3 Nxb5 23. axb5 Ra8 24. c4 Nd6 25. b3 dxc4 26. bxc4 Rac8 27. Ra4 e6 28.
Be5 f6 29. Bxd6 Qxd6 30. Rxa5 Qb4 31. Ra7 Rxc4 32. Rxb7 Rc1+ 33. Kh2 Qd6+ 34.
g3 Rec8 35. Qe4 e5 36. dxe5 fxe5 37. Rd2 Qc5 38. Kg2 Ra1 39. Rdd7 Bf6 40. Rxh7
1-0

[Event "GBR-ch75"]
[Site "Blackpool"]
[Date "1988.08.01"]
[Round "1.15"]
[White "Giulian, Philip Maurice"]
[Black "Plaskett, H James"]
[Result "0-1"]
[WhiteElo "2265"]
[BlackElo "2450"]
[PlyCount "80"]
[EventDate "1988.08.01"]
[EventType "swiss"]
[EventRounds "11"]
[EventCountry "GBR"]
[SourceTitle "BritBase12Sep20"]
[Source "John Saunders"]
[SourceDate "2020.09.12"]
[SourceVersion "1"]
[SourceVersionDate "2020.09.12"]
[SourceQuality "1"]

1. d4 Nf6 2. c4 c5 3. d5 g6 4. Nc3 Bg7 5. e4 d6 6. f3 O-O 7. Bg5 e6 8. Qd2 exd5
9. cxd5 h6 10. Be3 Re8 11. Nge2 Nbd7 12. Nd1 Ne5 13. Nec3 a6 14. a4 Nh7 15. Be2
f5 16. O-O h5 17. Nf2 Qf6 18. Rae1 Bd7 19. h3 h4 20. a5 Re7 21. f4 Nf7 22. e5
dxe5 23. fxe5 Qxe5 24. Bxc5 Bh6 25. Qd1 Ree8 26. Bf3 Qg3 27. Nh1 Qc7 28. Bb6
Qd6 29. Nf2 Nhg5 30. Nd3 Qg3 31. Ne2 Rxe2 32. Rxe2 Nxh3+ 33. Kh1 Nfg5 34. Qe1
Qxe1 35. Rfxe1 Bb5 36. Rd1 Nxf3 37. gxf3 Bxd3 38. Rh2 Nf4 39. Bc7 Be2 40. Bxf4
Bxf3+ 0-1

[Event "GBR-ch75"]
[Site "Blackpool"]
[Date "1988.08.01"]
[Round "1.16"]
[White "Gallagher, Joseph G"]
[Black "Quillan, Gary"]
[Result "0-1"]
[WhiteElo "2445"]
[BlackElo "2255"]
[PlyCount "80"]
[EventDate "1988.08.01"]
[EventType "swiss"]
[EventRounds "11"]
[EventCountry "GBR"]
[SourceTitle "BritBase12Sep20"]
[Source "John Saunders"]
[SourceDate "2020.09.12"]
[SourceVersion "1"]
[SourceVersionDate "2020.09.12"]
[SourceQuality "1"]

1. e4 e6 2. d4 d5 3. Nc3 Bb4 4. e5 c5 5. dxc5 Nc6 6. Nf3 Qc7 7. Bf4 Nge7 8. Bd3
d4 9. a3 dxc3 10. axb4 cxb2 11. Rb1 Nd5 12. Bd2 Nxe5 13. Nxe5 Qxe5+ 14. Qe2 Qc7
15. O-O Bd7 16. Rxb2 O-O 17. Qe4 f5 18. Qd4 a5 19. b5 Rfc8 20. c4 Nb4 21. Bf4
e5 22. Bxe5 Qxc5 23. Qxd7 Qxe5 24. Re2 Rc7 25. Rxe5 Rxd7 26. Bxf5 Rd2 27. Be4
a4 28. Bxb7 Rb8 29. Bf3 a3 30. Re2 Rxe2 31. Bxe2 Re8 32. Bf3 a2 33. g3 Nc2 34.
b6 Ne1 35. Bc6 a1=Q 36. Bxe8 Nf3+ 37. Kg2 Qa8 38. Rd1 Ne5+ 39. Kf1 Qxe8 40. b7
Qb8 0-1

[Event "GBR-ch75"]
[Site "Blackpool"]
[Date "1988.08.01"]
[Round "1.17"]
[White "Jackson, Sheila"]
[Black "Arkell, Keith C"]
[Result "0-1"]
[WhiteElo "2245"]
[BlackElo "2430"]
[PlyCount "104"]
[EventDate "1988.08.01"]
[EventType "swiss"]
[EventRounds "11"]
[EventCountry "GBR"]
[SourceTitle "BritBase12Sep20"]
[Source "John Saunders"]
[SourceDate "2020.09.12"]
[SourceVersion "1"]
[SourceVersionDate "2020.09.12"]
[SourceQuality "1"]

1. e4 c6 2. d4 d5 3. Nd2 dxe4 4. Nxe4 Nd7 5. Ng5 Nb6 6. N1f3 g6 7. Bd3 Bg7 8.
c3 Nh6 9. Qe2 Qc7 10. g3 Nd5 11. Bd2 a5 12. O-O-O Nf5 13. h4 h6 14. Nh3 Nd6 15.
Ne5 Bf5 16. Nf4 Bxd3 17. Qxd3 O-O-O 18. Nxf7 Nxf7 19. Ne6 Qd6 20. Qxg6 Nc7 21.
Qxf7 Nxe6 22. Rhe1 Kd7 23. d5 cxd5 24. Rxe6 Qxe6 25. Qxg7 Qf6 26. Qg4+ Kc7 27.
Re1 Rhg8 28. Qf4+ Qxf4 29. Bxf4+ Kd7 30. Bxh6 Rg4 31. Be3 e5 32. h5 b5 33. h6
Rh8 34. Rh1 Rh7 35. Rh3 Ke6 36. f3 Rg8 37. g4 b4 38. Bd2 bxc3 39. Bxc3 a4 40.
Rh5 d4 41. Bd2 Rf8 42. g5 Kf5 43. g6+ Kxg6 44. Rxe5 Rxf3 45. Rg5+ Kf6 46. Rd5
Rc7+ 47. Kd1 d3 48. Bc3+ Kg6 49. Rd6+ Kh7 50. Kd2 a3 51. Rxd3 axb2 52. Bxb2
Rf2+ 0-1

[Event "GBR-ch75"]
[Site "Blackpool"]
[Date "1988.08.01"]
[Round "1.18"]
[White "Howell, James C"]
[Black "Coleman, David J"]
[Result "1-0"]
[WhiteElo "2420"]
[BlackElo "2240"]
[PlyCount "73"]
[EventDate "1988.08.01"]
[EventType "swiss"]
[EventRounds "11"]
[EventCountry "GBR"]
[SourceTitle "BritBase12Sep20"]
[Source "John Saunders"]
[SourceDate "2020.09.12"]
[SourceVersion "1"]
[SourceVersionDate "2020.09.12"]
[SourceQuality "1"]

1. e4 c5 2. Nf3 d6 3. d4 cxd4 4. Nxd4 Nf6 5. Nc3 a6 6. Be3 e6 7. Be2 Be7 8. f4
O-O 9. g4 b5 10. g5 Nfd7 11. a3 Nc5 12. Qd2 Bb7 13. Bf3 Nc6 14. Nxc6 Bxc6 15.
Qg2 a5 16. Rd1 Qc7 17. Ne2 Qb7 18. Ng3 Rad8 19. O-O Rfe8 20. f5 Na4 21. f6 Bf8
22. fxg7 Bxg7 23. Nh5 Nxb2 24. Rde1 Nc4 25. Bc1 Rf8 26. Kh1 Kh8 27. Qh3 d5 28.
Nxg7 dxe4 29. Be2 Kxg7 30. Bxc4 bxc4 31. Qc3+ Kg8 32. Bb2 f6 33. Rxf6 Rxf6 34.
Qxf6 e3+ 35. Kg1 e2 36. Qxd8+ Kf7 37. Qf6+ 1-0

[Event "GBR-ch75"]
[Site "Blackpool"]
[Date "1988.08.01"]
[Round "1.19"]
[White "Kwiatkowski, Feliks J"]
[Black "Lane, Gary William"]
[Result "1-0"]
[WhiteElo "2240"]
[BlackElo "2410"]
[PlyCount "109"]
[EventDate "1988.08.01"]
[EventType "swiss"]
[EventRounds "11"]
[EventCountry "GBR"]
[SourceTitle "BritBase12Sep20"]
[Source "John Saunders"]
[SourceDate "2020.09.12"]
[SourceVersion "1"]
[SourceVersionDate "2020.09.12"]
[SourceQuality "1"]

1. e4 e5 2. Nf3 Nc6 3. Bb5 a6 4. Ba4 Nf6 5. O-O Be7 6. Re1 b5 7. Bb3 O-O 8. c3
d6 9. a4 Bg4 10. h3 Bh5 11. d3 Na5 12. Bc2 c5 13. Nbd2 Re8 14. Nf1 h6 15. Ng3
Bg6 16. Nh4 b4 17. Ngf5 Bf8 18. Nxg6 fxg6 19. Nh4 Kh7 20. d4 g5 21. Nf5 g6 22.
Ne3 cxd4 23. cxd4 Nc6 24. d5 Nd4 25. Bd3 h5 26. a5 Nd7 27. Bd2 Rb8 28. Nc2 Nxc2
29. Qxc2 Nc5 30. Bc4 Be7 31. Be3 Qc8 32. Rac1 Qb7 33. Bxc5 dxc5 34. Qe2 Bd8 35.
Bxa6 Qa7 36. Bb5 Rf8 37. Bc6 Bxa5 38. Qe3 Qc7 39. Qxg5 c4 40. Rxc4 Bb6 41. Rf1
Qa7 42. Rc2 Rf7 43. Qxe5 Rbf8 44. Qg3 Rf4 45. d6 Bd8 46. Be8 b3 47. Qxg6+ Kh8
48. Qxh5+ Kg8 49. Rc3 Qg7 50. Rg3 Qxg3 51. fxg3 Bb6+ 52. Kh2 Rxf1 53. h4 Bg1+
54. Kh3 Bb6 55. Bg6 1-0

[Event "GBR-ch75"]
[Site "Blackpool"]
[Date "1988.08.01"]
[Round "1.20"]
[White "McNab, Colin Anderson"]
[Black "Poulton, James"]
[Result "1-0"]
[WhiteElo "2410"]
[BlackElo "2240"]
[PlyCount "53"]
[EventDate "1988.08.01"]
[EventType "swiss"]
[EventRounds "11"]
[EventCountry "GBR"]
[SourceTitle "BritBase12Sep20"]
[Source "John Saunders"]
[SourceDate "2020.09.12"]
[SourceVersion "1"]
[SourceVersionDate "2020.09.12"]
[SourceQuality "1"]

1. c4 e5 2. Nc3 Nc6 3. Nf3 g6 4. d4 exd4 5. Nxd4 Bg7 6. Nxc6 bxc6 7. g3 Rb8 8.
Bg2 Ne7 9. Qa4 a6 10. O-O O-O 11. Rd1 f5 12. c5 Rf6 13. Qc4+ Rf7 14. b4 Bb7 15.
Rb1 d5 16. cxd6 cxd6 17. Bf4 Nc8 18. Na4 g5 19. Be3 d5 20. Qc1 Bh6 21. Nc5 f4
22. Nxb7 Rbxb7 23. Qxc6 fxe3 24. Bxd5 exf2+ 25. Kf1 Nd6 26. Bxf7+ Rxf7 27. Rxd6
1-0

[Event "GBR-ch75"]
[Site "Blackpool"]
[Date "1988.08.01"]
[Round "1.21"]
[White "Muir, Andrew Joseph"]
[Black "Pein, Malcolm"]
[Result "1/2-1/2"]
[WhiteElo "2240"]
[BlackElo "2410"]
[PlyCount "61"]
[EventDate "1988.08.01"]
[EventType "swiss"]
[EventRounds "11"]
[EventCountry "GBR"]
[SourceTitle "BritBase12Sep20"]
[Source "John Saunders"]
[SourceDate "2020.09.12"]
[SourceVersion "1"]
[SourceVersionDate "2020.09.12"]
[SourceQuality "1"]

1. d4 d6 2. Nf3 g6 3. Bg5 Bg7 4. c3 h6 5. Bh4 f5 6. e3 Nf6 7. Bc4 g5 8. Bg3 e6
9. h4 g4 10. Ng1 Qe7 11. Ne2 e5 12. h5 Nc6 13. Qb3 a6 14. Bh4 Qd7 15. dxe5 dxe5
16. Na3 Na5 17. Qa4 Nxc4 18. Nxc4 Nd5 19. Qb3 b5 20. Na5 Qe6 21. Ng3 O-O 22.
O-O c5 23. c4 Nc7 24. Qc2 f4 25. Ne4 Qf5 26. Nc6 Qxh5 27. Ne7+ Kh8 28. Nd6 Be6
29. Ng6+ Kg8 30. Ne7+ Kh8 31. Ng6+ 1/2-1/2

[Event "GBR-ch75"]
[Site "Blackpool"]
[Date "1988.08.01"]
[Round "1.23"]
[White "Hempson, Peter W"]
[Black "Pritchett, Craig William"]
[Result "1-0"]
[WhiteElo "2225"]
[BlackElo "2400"]
[PlyCount "79"]
[EventDate "1988.08.01"]
[EventType "swiss"]
[EventRounds "11"]
[EventCountry "GBR"]
[SourceTitle "BritBase12Sep20"]
[Source "John Saunders"]
[SourceDate "2020.09.12"]
[SourceVersion "1"]
[SourceVersionDate "2020.09.12"]
[SourceQuality "1"]

1. d4 Nf6 2. c4 e6 3. Nc3 Bb4 4. a3 Bxc3+ 5. bxc3 d6 6. Bg5 h6 7. Bxf6 Qxf6 8.
e3 b6 9. Qf3 Qxf3 10. Nxf3 Bb7 11. Be2 Nc6 12. O-O Na5 13. Nd2 Ba6 14. Rfe1 Ke7
15. f4 g5 16. Kf2 Rag8 17. g3 h5 18. h4 gxh4 19. gxh4 c5 20. Rg1 cxd4 21. cxd4
Rc8 22. Rac1 d5 23. cxd5 Bxe2 24. d6+ Kxd6 25. Kxe2 Ke7 26. Kd3 Nb7 27. Rxc8
Rxc8 28. Rg5 Rc1 29. Rxh5 Ra1 30. Nc4 Nd6 31. Nxd6 Kxd6 32. f5 Rxa3+ 33. Ke4
Ra5 34. Kf4 Ra1 35. fxe6 fxe6 36. Rh8 Rf1+ 37. Ke4 Rh1 38. h5 b5 39. h6 b4 40.
h7 1-0

[Event "GBR-ch75"]
[Site "Blackpool"]
[Date "1988.08.01"]
[Round "1.24"]
[White "Cooper, John G"]
[Black "Clarke, Thomas M"]
[Result "1-0"]
[WhiteElo "2380"]
[BlackElo "2205"]
[PlyCount "43"]
[EventDate "1988.08.01"]
[EventType "swiss"]
[EventRounds "11"]
[EventCountry "GBR"]
[SourceTitle "BritBase12Sep20"]
[Source "John Saunders"]
[SourceDate "2020.09.12"]
[SourceVersion "1"]
[SourceVersionDate "2020.09.12"]
[SourceQuality "1"]

1. Nf3 d5 2. d4 Nf6 3. c4 Bg4 4. Ne5 Bf5 5. Nc3 e6 6. Qb3 Qc8 7. cxd5 exd5 8.
Bg5 Nc6 9. e3 Bd6 10. Bxf6 gxf6 11. Nd3 Be4 12. O-O-O O-O 13. f3 Bxd3 14. Bxd3
Qe6 15. Rde1 Nb4 16. Bb1 c5 17. a3 c4 18. Qd1 Nc6 19. Qc2 f5 20. Qxf5 Qh6 21.
Nxd5 Nxd4 22. Qg4+ 1-0

[Event "GBR-ch75"]
[Site "Blackpool"]
[Date "1988.08.01"]
[Round "1.27"]
[White "Burgess, Graham"]
[Black "Murshed, Niaz"]
[Result "0-1"]
[WhiteElo "2250"]
[BlackElo "2475"]
[PlyCount "58"]
[EventDate "1988.08.01"]
[EventType "swiss"]
[EventRounds "11"]
[EventCountry "GBR"]
[SourceTitle "BritBase12Sep20"]
[Source "John Saunders"]
[SourceDate "2020.09.12"]
[SourceVersion "1"]
[SourceVersionDate "2020.09.12"]
[SourceQuality "1"]

1. d4 d5 2. c4 e6 3. Nf3 Nf6 4. Nc3 c6 5. Bg5 dxc4 6. e4 b5 7. e5 h6 8. Bh4 g5
9. Nxg5 hxg5 10. Bxg5 Nbd7 11. exf6 Qa5 12. Be2 Bb7 13. O-O O-O-O 14. Bf3 Ne5
15. dxe5 Rxd1 16. Rfxd1 b4 17. Ne4 Qxe5 18. h4 c5 19. Nd2 Bxf3 20. Nxf3 Qxb2
21. Rac1 c3 22. Ne5 c2 23. Rd8+ Kxd8 24. Nxf7+ Kc8 25. Nxh8 Qxa2 26. Ng6 b3 27.
Nxf8 b2 28. Kh2 bxc1=Q 29. Bxc1 Qa1 0-1

[Event "GBR-ch75"]
[Site "Blackpool"]
[Date "1988.08.02"]
[Round "2.1"]
[White "Chandler, Murray G"]
[Black "McNab, Colin Anderson"]
[Result "1-0"]
[WhiteElo "2605"]
[BlackElo "2410"]
[PlyCount "69"]
[EventDate "1988.08.01"]
[EventType "swiss"]
[EventRounds "11"]
[EventCountry "GBR"]
[SourceTitle "BritBase12Sep20"]
[Source "John Saunders"]
[SourceDate "2020.09.12"]
[SourceVersion "1"]
[SourceVersionDate "2020.09.12"]
[SourceQuality "1"]

1. e4 g6 2. d4 d6 3. Nc3 Bg7 4. Be3 a6 5. a4 Nf6 6. h3 O-O 7. Nf3 Nc6 8. a5 e5
9. dxe5 Nxe5 10. Nxe5 dxe5 11. Bc4 Qe7 12. O-O Rd8 13. Qe2 Be6 14. Ra3 Nh5 15.
Bxe6 Qxe6 16. Rb3 Rab8 17. Rd1 Rxd1+ 18. Qxd1 Bf6 19. Qd5 Qc8 20. Na4 c6 21.
Qd6 Qd8 22. Qxd8+ Bxd8 23. Nc5 Bxa5 24. Nxa6 Ra8 25. Nc5 b6 26. Nd7 c5 27. Nxb6
Bxb6 28. Rxb6 Rc8 29. Rb5 Nf6 30. Rxc5 Rxc5 31. Bxc5 Nxe4 32. Be7 f5 33. f3 Nd2
34. b3 e4 35. Kf2 1-0